| 000 | 00368nam a22001577a 4500 | ||
|---|---|---|---|
| 003 | SGT | ||
| 020 | _a9789332542020 | ||
| 082 | _a624.15136,MCC | ||
| 100 | _aMCCARTHY,DAVID F. | ||
| 245 | _aESSENTIALS OF SOIL MECHANICS AND FOUNDATIONS | ||
| 250 | _a7TH | ||
| 260 |
_aCHENNAI _bPEARSON _c2015 |
||
| 300 | _a844 | ||
| 650 | _aCIVIL ENGINEERING | ||
| 942 |
_2ddc _cBK _01 |
||
| 999 |
_c18377 _d18377 |
||